Statistics for Top 15 Smallest Countries

Click here to take the quiz!

General Stats

  • This quiz has been taken 18 times
  • The average score is 12 of 15

Answer Stats

HintAnswer% Correct
160 sq. kmLiechtenstein
100%
0 sq. kmVatican City
100%
316 sq. kmMalta
94%
2 sq. kmMonaco
94%
61 sq. kmSan Marino
94%
442 sq. kmAntigua and Barbuda
88%
430 sq. kmBarbados
88%
26 sq. kmTuvalu
88%
344 sq. kmGrenada
81%
21 sq. kmNauru
81%
261 sq. kmSaint Kitts and Nevis
75%
389 sq. kmSaint Vincent and the Grenadines
75%
298 sq. kmMaldives
50%
181 sq. kmMarshall Islands
50%
455 sq. kmSeychelles
50%

Score Distribution

Percentile by Number Answered

Percent of People with Each Score

Your Score History

You have not taken this quiz